La religión al alcance de todos / (Record no. 82426)

MARC details
000 -LEADER
campo de control de longitud fija 00789nam a2200229 i 4500
001 - NÚMERO DE CONTROL
campo de control 82426
003 - IDENTIFICADOR DE NÚMERO DE CONTROL
campo de control ES-MaACL
005 - FECHA Y HORA DE LA ÚLTIMA TRANSACCIÓN
campo de control 20230906174654.0
007 - CAMPO FIJO DE DESCRIPCIÓN FÍSICA--INFORMACIÓN GENERAL
campo de control de longitud fija t|
008 - DATOS DE LONGITUD FIJA--INFORMACIÓN GENERAL
campo de control de longitud fija 041110s1932 sp |||| | spa d
080 ## - NÚMERO DE LA CLASIFICACIÓN DECIMAL UNIVERSAL
Número de la Clasificación Decimal Universal 239
100 1# - ENTRADA PRINCIPAL--NOMBRE DE PERSONA
Nombre de persona Ibarreta, Rogelio H. de.
9 (RLIN) 64971
245 13 - MENCIÓN DEL TÍTULO
Título La religión al alcance de todos /
Mención de responsabilidad, etc. Rogelio H. Ibarreta.
260 ## - PUBLICACIÓN, DISTRIBUCIÓN, ETC.
Lugar de publicación, distribución, etc. Madrid :
Nombre del editor, distribuidor, etc. Sáez Hermanos,
Fecha de publicación, distribución, etc. [1932]
300 ## - DESCRIPCIÓN FÍSICA
Extensión 414 p. ;
Dimensiones 16 cm.
505 8# - NOTA DE CONTENIDO CON FORMATO
Nota de contenido con formato Contiene ademas: Jorge Brandes. Jesucristo es un mito. Versión castellana de Juan España (A la pág. 313)
600 04 - PUNTO DE ACCESO ADICIONAL DE MATERIA--NOMBRE DE PERSONA
Nombre de persona Jesucristo-
Subdivisión de forma Obras de controversia.
9 (RLIN) 141203
650 04 - PUNTO DE ACCESO ADICIONAL DE MATERIA--TÉRMINO DE MATERIA
Término de materia o nombre geográfico como elemento de entrada Cristianismo-
Subdivisión de forma Obras de controversia.
9 (RLIN) 11431
700 1# - ENTRADA AGREGADA--NOMBRE PERSONAL
Nombre de persona Brandés, Jorge.
9 (RLIN) 146752
700 1# - ENTRADA AGREGADA--NOMBRE PERSONAL
Nombre de persona España, Juan.
9 (RLIN) 146754
852 ## - LOCALIZACIÓN
Ubicación ES-MaACL
Número de control de estantería F-14003
Nota libre . - Piel
Holdings
Estatus retirado Estado de pérdida Estado de daño No para préstamo Biblioteca de origen Biblioteca actual Ubicación en estantería Fecha de adquisición Fuente de adquisición Total de préstamos Signatura topográfica completa Código de barras Visto por última vez Precio de reemplazo Tipo de ítem Koha
        Biblioteca del Ateneo de Madrid Biblioteca del Ateneo de Madrid Sala Pecera Planta 2 17/01/2008     F-14003 1086143 23/02/2023 23/02/2023 Libro impreso